00955nam a22001935i 4500001000700000003000900007005001700016008004100033080001500074100003900089245027700128260018200405300002100587500002700608504003000635650002400665710003000689852004200719178712ES-MaACL20230906220605.0110613s1974 sp |||| | spa d a159.922.761 aVerdaguer Masllorens, Juan Manuel.11a"Problemas actuales que plantea el diagnóstico y tratamiento de los trastornos del comportamiento del niño en los centros médico psico-pedagógicos" / cresumen de la tesis presentada para aspirar al grado de doctor en medicina por Juan Manuel Verdaguer Masllorens. aBarcelona : bUniversidad de Barcelona, Secretariado de Publicaciones, Intercambio Científico y Extensión Universitaria : bEdiciones de la Universidad de Barcelona, c1974. a21 p. ; c24 cm. aCub. tomada como port. aBibliografía: p. 19-21. 4aNiños-xConducta.2 aUniversidad de Barcelona. aES-MaACLjE-15361 (115) xOlim P-1374